Foundry technology (Record no. 195190)

MARC details
000 -LEADER
fixed length control field 00395nam a2200169Ia 4500
005 - DATE AND TIME OF LATEST TRANSACTION
control field 20250409114218.0
008 - FIXED-LENGTH DATA ELEMENTS--GENERAL INFORMATION
fixed length control field 231217s9999 xx 000 0 und d
020 ## - INTERNATIONAL STANDARD BOOK NUMBER
International Standard Book Number 9788181479891
082 ## - DEWEY DECIMAL CLASSIFICATION NUMBER
Classification number 671.2 BEE;4
100 ## - MAIN ENTRY--PERSONAL NAME
Personal name Beeley, Peter.
245 #0 - TITLE STATEMENT
Title Foundry technology
250 ## - EDITION STATEMENT
Edition statement 2nd ed.
260 ## - PUBLICATION, DISTRIBUTION, ETC. (IMPRINT)
Date of publication, distribution, etc. 2001
Name of publisher, distributor, etc. Elsevier
Place of publication, distribution, etc. New Delhi
300 ## - PHYSICAL DESCRIPTION
Extent x+719
650 ## - SUBJECT ADDED ENTRY--TOPICAL TERM
Topical term or geographic name as entry element Foundry
942 ## - ADDED ENTRY ELEMENTS (KOHA)
Koha item type Books
Holdings
Date last seen Total Checkouts Full call number Accession number Old discount Cost, replacement price Price effective from Category Lost status Damaged status Department Withdrawn status bill no. bill date Permanent Location Current Location Shelving location Entry date Vendor Cost, normal purchase price Grants Currency symbol Conversion rate Discount Discount type
26/01/2024   671.2 BEE;4 86123 30 1746.50 26/01/2024 Books     Central Library   IN00252 24/02/2021 Central Library Central Library Central Library 04/06/2013 Tata Book House 2495.00 ME/PG RS 1 748.5 Rupees

© For any Suggestions or Query, please contact the library staff @ librarian@pes.edu or Phone: +9180 2672 1983/ 2108.